| 000 | 00364nam a2200145 4500 | ||
|---|---|---|---|
| 005 | 20260415182941.0 | ||
| 008 | 260415b |||||||| |||| 00| 0 eng d | ||
| 020 |
_a9780753716397 _qhbk |
||
| 041 | _aeng | ||
| 082 |
_a641.813 _bPER |
||
| 245 |
_aSoups _cIngeborg Pertwee |
||
| 260 |
_aLondon _bBounty books _c2007 |
||
| 300 | _a128 p.: ill.: 28 c.m. | ||
| 942 | _cREF | ||
| 999 |
_c619331 _d619331 |
||